| 000 | 00787nam a2200205Ia 4500 | ||
|---|---|---|---|
| 003 | GCL | ||
| 008 | 140319s9999 xx 000 0 ara d | ||
| 040 |
_aGCL / _cGCL |
||
| 082 | 0 | 4 |
_a891.55 _bز س |
| 100 | 1 | _aزين العابدين المراغى | |
| 245 | 1 | 0 |
_aسياحت نامه ابراهيم بيك / _cزين العابدين المراغى |
| 700 | 1 | _aمحمود سلامة علاوى | |
| 260 |
_aالقاهرة : _bالمجلس الاعلى للثقافة ، _c2000 |
||
| 300 |
_a3 مج ؛ _c20 سم |
||
| 490 |
_aالمشروع القومى للترجمة _v286-215-192 |
||
| 650 | 0 | 4 | _aالقصص الفارسية المترجمة |
| 650 | 0 | 4 | _aالادب الفارسى المترجم |
| 650 | 0 | 4 | _aالادب الفارسى - تاريخ ونقد |
| 942 |
_2ddc _cBK |
||
| 999 |
_c56336 _d56336 |
||